Nuestra tierra y nuestra fe / (Registro nro. 3100)
[ vista simple ]
| 000 -LEADER | |
|---|---|
| fixed length control field | 01137nam a2200205 a 4500 |
| 008 - CAMPO DE CONTROL (LIBRO) | |
| fixed length control field | 011117e1996 ag |||g |||| 000 1 spa d |
| 020 ## - INTERNATIONAL STANDARD BOOK NUMBER | |
| ISBN | 9505460961 |
| 041 ## - CODIGO DE IDIOMA | |
| Código de idioma del texto/pista de sonido o título separado | spa |
| 092 ## - SIGNATURA TOPOGRAFICA DEWEY LOCAL | |
| número de clasificación | 808 |
| libristica | 51 |
| sección | MEN |
| 100 1# - ENTRADA PRINCIPAL--NOMBRE PERSONAL | |
| Nombre personal | Menapace, Mamerto |
| 9 (RLIN) | 4139 |
| 245 ## - TITULO PROPIAMENTE DICHO | |
| Título | Nuestra tierra y nuestra fe / |
| Mención de responsabilidad y remanente de la transcripción de la portada | Mamerto Menapace |
| 250 ## - MENCION DE EDICION | |
| Mención de edición | 7a ed. |
| 260 ## - PIE DE IMPRENTA | |
| Lugar de publicación, distribución, etc | Buenos Aires: |
| Nombre de la editorial, distribuidor, etc | Patria Grande; |
| Fecha de publicación | 1996. |
| 300 ## - DESCRIPCION FISICA | |
| Extension | 119 p. |
| 500 ## - NOTA GENERAL | |
| Nota general | Menapace, M. (1996). Nuestra tierra y nuestra fe. (7a ed.). Buenos Aires : Patria Grande. |
| 505 ## - NOTA DE CONTENIDO | |
| Nota de contenido formateada | Dos ideales luchaban por ganar el territorio de mis imàgenes : uno era el de ser misionero e irme tierra adentro. El otro, era partir hacia la gran ciudad para contar allà todas las cosas del campo, sus cuentos , sus canciones ...Hoy reconozco que no se trataba de dos ideales diferentes. Era una misma fidelidad a dos vivencias profundas. Mi tierra y mi fe siempre marcharon enancadas. Creo que a Tata Dios siempre lo comprendì con un alma de campesino . Y a mi tierra siempre la vi desde la òptica de la fe. |
| 590 ## - NOTAS LOCALES (RLIN) | |
| Nota local | Donación. Proyecto Literatura 4to libro |
| 655 ## - MATERIA - GENERO/FORMA | |
| Género/Forma | Literatura |
| -- | 2917 |
| 942 ## - ADDED ENTRY ELEMENTS (KOHA) | |
| Source of classification or shelving scheme | Dewey Decimal Classification |
| Item type | LITERATURA |
| Estado de retiro | Existencia | Fuente de clasificación | Estado general | No para prestamo | Ubicación permanente | ubicación actual | Sala de ubicación | Fecha de adquisición | Fuente de adquisición | Total Checkouts | Número de clasificación | Código de barras | Date last seen | Número de ejemplar | Price effective from | Koha tipo de elemento (item) | Public note |
|---|---|---|---|---|---|---|---|---|---|---|---|---|---|---|---|---|---|
| Dewey Decimal Classification | Biblioteca Medicina | Biblioteca Medicina | Circulación | 15/03/2021 | Donación Constanzo, Juan Carlos. Marzo 2021 | 808 51 MEN | 4657 | 15/03/2021 | Ej.1 | 15/03/2021 | LITERATURA | Donación Constanzo, Juan Carlos. Marzo 2021 |